Biometria z pohľadu bezpečnosti

Požiadavky úplne spoľahlivej identifikácie osôb v poslednej dobe radikálne vzrástli a je viac než isté, že tento trend bude v blízkej budúcnosti pokračovať. Pravdepodobne každý občan západnej civilizácie je vystavený potrebe pamätať si viacero identifikačných znakov, pin kódov, rôznych hesiel, pomoc...

Descrizione completa

Salvato in:
Dettagli Bibliografici
Autore principale: Javorská, Jana
Natura: Capitolo di libro
Lingua:slovacco
Soggetti:
Tags: Aggiungi Tag
Nessun Tag, puoi essere il primo ad aggiungerne!!

MARC

LEADER 00000nla$a2200000$$$4500
001 0130016
005 20220729111406.7
041 0 |a slo 
044 |a SK 
245 1 0 |a Biometria z pohľadu bezpečnosti  |c Jana Javorská 
520 |a Požiadavky úplne spoľahlivej identifikácie osôb v poslednej dobe radikálne vzrástli a je viac než isté, že tento trend bude v blízkej budúcnosti pokračovať. Pravdepodobne každý občan západnej civilizácie je vystavený potrebe pamätať si viacero identifikačných znakov, pin kódov, rôznych hesiel, pomocou ktorých komunikuje, identifikuje sa v modernom svete. Biometrické informácie sú jedinečné pre každý identifikovaný subjekt, preto sa významne rozširuje ich využitie pri autentizáci. Pojem biometria. Norma ISO/IEC 24713:2008. Metódy biometrie. 
610 2 0 |a biometrika 
610 2 0 |a ochrana osobnosti 
610 2 0 |a bezpečnosť informačná 
610 2 0 |a ochrana dát 
100 1 |a Javorská, Jana